অন্ধকারায় বন্দি বিবেক : (Record no. 46996)
[ view plain ]
| 000 -LEADER | |
|---|---|
| fixed length control field | 00995nam a2200229 a 4500 |
| 001 - CONTROL NUMBER | |
| control field | 46996 |
| 003 - CONTROL NUMBER IDENTIFIER | |
| rucl marc code | BD-RjUL |
| 005 - DATE AND TIME OF LATEST TRANSACTION | |
| control field | 20211209054237.0 |
| 008 - FIXED-LENGTH DATA ELEMENTS--GENERAL INFORMATION | |
| fixed length control field | 160806b2009 bg ||||| |||| 00| 0 eng d |
| 020 ## - INTERNATIONAL STANDARD BOOK NUMBER | |
| International Standard Book Number | 9847000612298 |
| Terms of availability | : Tk. 180.00 |
| 035 ## - SYSTEM CONTROL NUMBER | |
| System control number | (BD-RjUL) |
| 040 ## - CATALOGING SOURCE | |
| Original cataloging agency | BD-RjUL |
| Language of cataloging | bg |
| Transcribing agency | BD-RjUL |
| 041 ## - LANGUAGE CODE | |
| Language code of text/sound track or separate title | bg |
| 082 ## - DEWEY DECIMAL CLASSIFICATION NUMBER | |
| Edition number | 23 |
| Classification number | 306.2092 |
| Author mark and year | KHR 2009 |
| 100 1# - MAIN ENTRY--PERSONAL NAME | |
| Personal name | খান,এম.সাইদুর রহমান |
| 9 (RLIN) | 143143 |
| 245 1# - TITLE STATEMENT | |
| Title | অন্ধকারায় বন্দি বিবেক : |
| Remainder of title | রিমান্ডওকারাগারের দিনগুলি / |
| Statement of responsibility, etc. | খান,এম.সাইদুর রহমান |
| 260 ## - PUBLICATION, DISTRIBUTION, ETC. (IMPRINT) | |
| Place of publication, distribution, etc. | ঢাকা : |
| Name of publisher, distributor, etc. | ওসমান গনি আগামী প্রকাশনি, |
| Date of publication, distribution, etc. | ২০০৯ |
| 300 ## - PHYSICAL DESCRIPTION | |
| Pagination | ১৪২ পৃ : |
| Illustrations | চিত্র ; |
| Size | ২১ সেমি. |
| 600 ## - SUBJECT ADDED ENTRY--PERSONAL NAME | |
| Personal name | খান,এম.সাইদুর রহমান |
| Geographic subdivision | জীবনী |
| Personal name | Khan, M.Saidura Rahamana |
| Geographic subdivision | Biography |
| 942 ## - ADDED ENTRY ELEMENTS (KOHA) | |
| Source of classification or shelving scheme | Dewey Decimal Classification |
| Koha item type | Books |
| Lost status | Source of classification or shelving scheme | Damaged status | Not for loan | Collection code | Permanent Location | Current Location | Shelving location | Date acquired | Source of acquisition | Cost, normal purchase price | Total Checkouts | Full call number | Date last seen | Copy number | Koha item type |
|---|---|---|---|---|---|---|---|---|---|---|---|---|---|---|---|
| Dewey Decimal Classification | Non-fiction | Central Library, University of Rajshahi | Central Library, University of Rajshahi | 09/03/2009 | Author | 135.00 | B 306.2092 KHR 2009 | 06/08/2016 | C-2 | Books | |||||
| Dewey Decimal Classification | Non-fiction | Central Library, University of Rajshahi | Central Library, University of Rajshahi | 09/03/2009 | Author | 135.00 | B 306.2092 KHR 2009 | 06/08/2016 | C-3 | Books | |||||
| Dewey Decimal Classification | Non-fiction | Central Library, University of Rajshahi | Central Library, University of Rajshahi | 09/03/2009 | Author | 135.00 | B 306.2092 KHR 2009 | 06/08/2016 | C-4 | Books | |||||
| Dewey Decimal Classification | Non-fiction | Central Library, University of Rajshahi | Central Library, University of Rajshahi | 09/03/2009 | Author | 135.00 | B 306.2092 KHR 2009 | 06/08/2016 | C-5 | Books |